| 000 | 00412pab a2200145 454500 | ||
|---|---|---|---|
| 008 | 180718b2001 xxu||||| |||| 00| 0 eng d | ||
| 100 | _aJeffrey, Patricia | ||
| 245 | _aA uniform customary code? Martial breakdown and women's economic entitlements in rural Bijnor | ||
| 260 | _c2001 | ||
| 300 | _ap.1-32 | ||
| 362 | _aJan-Apr | ||
| 650 | _aWomen | ||
| 773 | _aContribution to Indian Sociology | ||
| 909 | _a51598 | ||
| 999 |
_c51598 _d51598 |
||